| 000 | 00813nam a2200241Ia 4500 | ||
|---|---|---|---|
| 008 | 191130s2004##################000#0#eng## | ||
| 020 | _a9780820463698 | ||
| 022 | _a2003040090 | ||
| 040 |
_aACL _cACL |
||
| 082 | _a577.071 DOE | ||
| 100 | _aDoerr, Marilyn N | ||
| 245 |
_aCurrere and the environmental autobiography : a phenonmenological approach to the teaching of ecology _cMarilyn N. Doerr |
||
| 250 | _a1st ed | ||
| 260 |
_aFrankfurt am Main ; New York _bPeter Lang _c2004 |
||
| 300 | _aviii, 207 p. ; 23 cm., : alk. paper | ||
| 500 | _aIncludes bibliographical references (p. [197]-207) | ||
| 650 | _aEcology - Study and teaching | ||
| 650 | _aEducation - Biographical methods | ||
| 650 | _aPhenomenology | ||
| 990 | _af15f34adac10000c49b3e61ff1b2e354 | ||
| 991 | _a252537 | ||
| 999 |
_c143461 _d143461 |
||